| 000 | 04182cam a2200517Ii 4500 | ||
|---|---|---|---|
| 999 |
_c5115 _d5115 |
||
| 001 | ocn879645157 | ||
| 003 | OCoLC | ||
| 005 | 20200423160755.0 | ||
| 006 | m o d | ||
| 007 | cr cnu---unuuu | ||
| 008 | 140514s2014 nyu ob 001 0 eng d | ||
| 020 |
_z9781107636521 _q(pbk.) |
||
| 020 |
_z1107636523 _q(pbk.) |
||
| 029 | 1 |
_aNLGGC _b375677224 |
|
| 035 | _a(OCoLC)879645157 | ||
| 040 |
_aN$T _beng _erda _epn _cTZ-ArACH |
||
| 049 | _aTZAA | ||
| 050 | 4 |
_aKZ7422 _b.R45 2014 |
|
| 082 | 0 | 4 |
_a341.5/5 _223 |
| 100 | 1 |
_aReisman, W. Michael, _d1984- _eauthor. |
|
| 245 | 1 | 0 |
_aFraudulent evidence before public international tribunals : _bthe dirty stories of international law / _cW. Michael Reisman, Christina Parajon Skinner. |
| 260 |
_aCambridge, United Kingdom : _bCambridge University Press, _c2015 |
||
| 300 | _ax, 222 pages. | ||
| 490 | 1 |
_aHersch Lauterpacht memorial lectures ; _v21 |
|
| 504 | _aIncludes bibliographical references and index. | ||
| 505 | 0 | _aThe problem of fraudulent evidence before public international tribunals -- The sabotage cases: suborned witnesses -- Corfu channel: suppressed vs. forged documents -- Tunisia/Libya: strategic omissions -- Nicaragua v. United States: false witnesses -- The Iran-United States claims tribunal: burdens of proof -- The Taba arbitration: duties of disclosure in the pre-arbitral phase -- Qatar v. Bahrain: massive forgeries -- Some concluding thoughts. | |
| 520 | _a"Domestic lawyers are, above all, officers of the court. By contrast, the public international lawyer representing states before international tribunals is torn between loyalties to the state and loyalties to international law. As the stakes increase for the state concerned, the tension between these loyalties can become acute and lead to practices that would be condemned in developed national legal systems but have hitherto been ignored by international tribunals in international legal scholarship. They are the 'dirty stories' of international law. This detailed and contextually sensitive presentation of eight important cases before a variety of public international tribunals dissects some of the reasons for the resort to fraudulent evidence in international litigation and the profession's baffling reaction. Fraudulent evidence is resorted to out of greed, moral mediocrity or inherent dishonesty. In public international litigation, by contrast, the reasons are often more complex, with roots in the dynamics of international politics"-- | ||
| 520 | _a"In "Dirty Story," Eric Ambler's celebrated roman noir, the British Vice-consul in Athens pronounces judgment on one Arthur Abdel Simpson: "You're a disgusting creature, Mr. Simpson. Your life is nothing but a long dirty story." In fact, Simpson, struggling on the margins of society, is, at his worst, a petty criminal; the Vice-Consul's contempt derives in no small measure from a rap sheet that contains no great crimes, no memorable violations, only a serialization of sleazy misdeeds"-- | ||
| 650 | 0 | _aEvidence, Criminal (International law) | |
| 650 | 0 | _aFraud. | |
| 650 | 0 | _aInternational courts. | |
| 650 | 0 | _aArbitration (International law) | |
| 650 | 7 |
_aLAW _xInternational. _2bisacsh |
|
| 650 | 7 |
_aArbitration (International law) _2fast |
|
| 650 | 7 |
_aEvidence, Criminal (International law) _2fast |
|
| 650 | 7 |
_aFraud. _2fast |
|
| 650 | 7 |
_aInternational courts. _2fast |
|
| 700 | 1 |
_aSkinner, Christina Parajon, _eauthor. |
|
| 776 | 0 | 8 |
_iPrint version: _aReisman, W. Michael, 1984- _tFraudulent evidence before public international tribunals _z9781107063396 _w(DLC) 2013048017 _w(OCoLC)864753023 |
| 830 | 0 |
_aHersch Lauterpacht memorial lectures ; _v21. |
|
| 856 | 4 | 0 |
_3Cambridge Books Online _uhttp://dx.doi.org/10.1017/CBO9781107478053 |
| 856 | 4 | 0 |
_3EBSCOhost _uhttp://search.ebscohost.com/login.aspx?direct=true&scope=site&db=nlebk&db=nlabk&AN=761503 |
| 856 | 4 | 2 |
_3Cover image _uhttp://assets.cambridge.org/97811070/63396/cover/9781107063396.jpg |
| 856 | 4 | 0 |
_uhttps://0-www.cambridge.org.catalogue.libraries.london.ac.uk/core/product/identifier/9781107478053/type/BOOK _zAccess onsite at IALS {u2013} Cambridge Core Books Online |
| 942 |
_2lcc _cBOOK |
||